000 00327nam a22001337a 4500
005 20250612125915.0
008 250612b |||||||| |||| 00| 0 eng d
050 _aBS 540
_bROO
245 _aROOTS; FINDING STRENGTH IN BIBLICAL TRADITION
250 _bPART 1
300 _a208p
710 _aRESOURCE BOOK
942 _2lcc
_cBK
_n0
999 _c6426
_d6426